KOHA-Header-6

Labour and Industrial Jurisprudence (Record no. 9090)

000 -LEADER
fixed length control field 00274nam a2200109Ia 4500
100 ## - MAIN ENTRY--AUTHOR NAME
Personal name Abdul Ghani
245 #0 - TITLE STATEMENT
Title Labour and Industrial Jurisprudence
260 ## - PUBLICATION, DISTRIBUTION, ETC. (IMPRINT)
Place of publication Karachi
Name of publisher Bantam Books
Year of publication 1991
300 ## - PHYSICAL DESCRIPTION
Number of Pages 226
942 ## - ADDED ENTRY ELEMENTS (KOHA)
Koha item type Books
Holdings
Withdrawn status Lost status Collection code Permanent Location Current Location Shelving location Date acquired Full call number Accession Number Koha item type
    Law MAJU MAJU Shelf No.A46 2019-09-14 658.848 4421 Law

Powered by Koha